<?xml version="1.0" encoding="UTF-8"?>
<collection xmlns="http://www.loc.gov/MARC21/slim">
 <record>
  <leader>00750nam a22001811  4500</leader>
  <controlfield tag="001">1/13829</controlfield>
  <controlfield tag="008">981020s1973    enk                 eng d</controlfield>
  <datafield tag="035" ind1=" " ind2=" ">
   <subfield code="l">14289</subfield>
  </datafield>
  <datafield tag="040" ind1=" " ind2=" ">
   <subfield code="a">DLC</subfield>
   <subfield code="b">GR-PeUP</subfield>
  </datafield>
  <datafield tag="090" ind1=" " ind2=" ">
   <subfield code="a">951.9'03'0924 KI</subfield>
  </datafield>
  <datafield tag="245" ind1="1" ind2="0">
   <subfield code="a">Kim Il Sung:</subfield>
   <subfield code="b">short biography.</subfield>
  </datafield>
  <datafield tag="260" ind1=" " ind2=" ">
   <subfield code="a">Pyongyang, Kor.:</subfield>
   <subfield code="b">Foreign Languages Pub. House,</subfield>
   <subfield code="c">1973.</subfield>
  </datafield>
  <datafield tag="300" ind1=" " ind2=" ">
   <subfield code="a">2v(443, 426) p. :</subfield>
   <subfield code="b">ill. ;</subfield>
   <subfield code="c">23cm.</subfield>
  </datafield>
  <datafield tag="600" ind1="1" ind2="4">
   <subfield code="a">Kim, Ki Hang,</subfield>
   <subfield code="d">1912-</subfield>
  </datafield>
  <datafield tag="651" ind1=" " ind2="4">
   <subfield code="a">Korea (North)</subfield>
   <subfield code="x">History.</subfield>
  </datafield>
  <datafield tag="852" ind1=" " ind2=" ">
   <subfield code="a">INST</subfield>
   <subfield code="b">UNIPILB</subfield>
   <subfield code="c">MAIN</subfield>
   <subfield code="e">20040709</subfield>
   <subfield code="h">951.9'03'0924 KI</subfield>
   <subfield code="p">00110625</subfield>
   <subfield code="q">00110625</subfield>
   <subfield code="t">LOAN</subfield>
   <subfield code="v">τομ. :</subfield>
   <subfield code="y">0</subfield>
   <subfield code="4">1</subfield>
  </datafield>
  <datafield tag="852" ind1=" " ind2=" ">
   <subfield code="a">INST</subfield>
   <subfield code="b">UNIPILB</subfield>
   <subfield code="c">MAIN</subfield>
   <subfield code="e">20040709</subfield>
   <subfield code="h">951.9'03'0924 KI</subfield>
   <subfield code="p">00131061</subfield>
   <subfield code="q">00131061</subfield>
   <subfield code="t">LOAN</subfield>
   <subfield code="v">v.I:</subfield>
   <subfield code="y">0</subfield>
   <subfield code="z">v.I</subfield>
   <subfield code="4">2</subfield>
  </datafield>
  <datafield tag="852" ind1=" " ind2=" ">
   <subfield code="a">INST</subfield>
   <subfield code="b">UNIPILB</subfield>
   <subfield code="c">MAIN</subfield>
   <subfield code="e">20040709</subfield>
   <subfield code="h">951.9'03'0924 KI</subfield>
   <subfield code="p">00131062</subfield>
   <subfield code="q">00131062</subfield>
   <subfield code="t">LOAN</subfield>
   <subfield code="v">v.II:</subfield>
   <subfield code="y">0</subfield>
   <subfield code="z">v.II</subfield>
   <subfield code="4">3</subfield>
  </datafield>
 </record>
</collection>
